Vista normal
Vista MARC
Entrada Personal Name
Número de registros utilizados en: 1
001 - CONTROL NUMBER
- control field: 63125
003 - CONTROL NUMBER IDENTIFIER
- control field: OSt
005 - DATE AND TIME OF LATEST TRANSACTION
- control field: 20250822144614.0
008 - FIXED-LENGTH DATA ELEMENTS
- fixed length control field: 250822|| aca||aabn | a|a d
040 ## - CATALOGING SOURCE
- Original cataloging agency: OSt
- Transcribing agency: OSt
100 ## - HEADING--PERSONAL NAME
- Personal name: Soto Aparicio, Fernando,
- Dates associated with a name: 1933-2016
670 ## - SOURCE DATA FOUND
- Source citation: Work cat.: (OSt)58412: Soto Aparicio, Fernando, 1933-2016., ¡Yo tengo derechos y también... tengo deberes! /